La identificación, segregación y tratamiento contable de los sobreprecios (Registro nro. 23957)

Detalles MARC
000 -LEADER
fixed length control field 00407 a2200121 4500
001 - CONTROL NUMBER
control field ART_10012
005 - DATE AND TIME OF LATEST TRANSACTION
control field 20260410161839.0
008 - FIXED-LENGTH DATA ELEMENTS--GENERAL INFORMATION
fixed length control field 260409a
100 1# - MAIN ENTRY--PERSONAL NAME
Personal name García, Sergio O.
245 10 - TITLE STATEMENT
Title La identificación, segregación y tratamiento contable de los sobreprecios
700 1# - ADDED ENTRY--PERSONAL NAME
Personal name Mattera, Miguel A.
773 0# - HOST ITEM ENTRY
Title Contabilidad y administración
Related parts - Año 7, Nº 79 (ene. 1984)
Record control number REV5485

No hay ítems disponibles.